| 000 | 00943nam a2200253 a 4500 | ||
|---|---|---|---|
| 001 | BRCA_688 | ||
| 003 | FranzMayer | ||
| 005 | 20230918121828.0 | ||
| 008 | 881028s2009 sp-a---##b---#001-0#spa-# | ||
| 020 | _a9788496933217 | ||
| 040 | _cMFM | ||
| 041 | _aspa | ||
| 044 | _asp | ||
| 050 | 4 |
_aNK2014 _b.T74 2009 |
|
| 245 | 1 | 0 |
_a300% [i.e. Trescientos por ciento] Spanish Design _b100 sillas, 100 lámparas, 100 carteles. |
| 260 |
_aEspaña _bSociedad Estatal para la Acción Cultural Exterior de España _c2009 |
||
| 300 |
_a217 p. _bil. (algunas a color) _c30 cm. |
||
| 500 | _aUn ejemplar en Anexo 1 | ||
| 500 | _aCatálogo de la exposición realizada en el Museo Franz Mayer (Ciudad de México), 26 agosto - 8 noviembre, 2009 | ||
| 500 | _aIncluye directorio de diseñadores | ||
| 650 | 1 | 4 |
_aDiseño industrial _vCatálogos _ySiglo XXI _zEspaña _92269 |
| 650 | 1 | 4 |
_aDiseño gráfico _vCatálogos _ySiglo XXI _zEspaña _92270 |
| 942 |
_2lcc _cB |
||
| 999 |
_c594 _d594 |
||